| 000 | 00796nam a2200241Ia 4500 | ||
|---|---|---|---|
| 008 | 191130s2002##################000#0#eng## | ||
| 020 | _a9780787656430 | ||
| 022 | _a2003267032 | ||
| 040 |
_aACL _cACL |
||
| 082 | _a347.737 KNA.2 | ||
| 245 |
_aGreat American trials _cEdward W. Knappman, editor ; Stephen G. Christianson and Lisa Paddock, consulting legal editors |
||
| 250 | _a2nd ed | ||
| 260 |
_aFarmington Hills, MI _bGale Group/Thomson Learning _cc2002 |
||
| 300 | _a2 v. : ill. ; 24 cm | ||
| 500 | _aIncludes bibliographical references and index | ||
| 650 | _aTrials - United States | ||
| 700 | _aChristianson, Stephen G | ||
| 700 | _aKnappman, Edward W | ||
| 700 | _aPaddock, Lisa Olson | ||
| 990 | _a49f71f4aac10000c0722f441ead76b5f | ||
| 991 | _a292565 | ||
| 999 |
_c266077 _d266077 |
||